| 000 | 00384nam a22001217a 4500 | ||
|---|---|---|---|
| 999 |
_c834 _d834 |
||
| 005 | 20200819105505.0 | ||
| 008 | 200819b ||||| |||| 00| 0 eng d | ||
| 020 | _a0192850539 | ||
| 040 | _cCML | ||
| 245 |
_aEconomic Sanctions and International Enforcement. _cDoxey, M.P. |
||
| 260 |
_aLondon _bOxford University Press _c1971 |
||
| 942 |
_2ddc _cBK _e1st Edition _h341.65 _mDOX |
||